Datum a čas kvízu
23
Celkem bodů
Celkový počet nahraných bodů na tomto kvízu bez doplňovacích otázek.
4.
Pořadí na kvízu
Konečné umístění týmu na tomto kvízu.
Zaznamenané odpovědi
| # | Otázka | Odpověď | Body | Výsledky |
|---|---|---|---|---|
| 1. | Prezident Pavel si při své dvo... | TON | 0 | |
| 2. | V minulém týdnu se objevila zp... | A | 0 | |
| 3. | Devětadvacetiletý Nigerijec Tu... | hrál šachy | 0 | |
| 4. | České vývojářské studio Warhor... | Kingdom Come: Deliverance | 1 | |
| 5. | Ligová fotbalová asociace zveř... | Chance | 0 | |
| 6. | Jihoafrická republika má de fa... | Kapské město; Bloemfontein | 0.5 | |
| 7. | Chemický prvek hafnium dostal... | o Kodaň | 0 | |
| 8. | Zatímco některé země mají hlav... | o Nauru | 0 | |
| 9. | Které malebné hlavní město lež... | Tallinn | 0 | |
| 10. | Napište, které hlavní město (s... | Reykjavík; Wellington | 0.5 |